000 02028aam a2200337 i 4500
001 768714001
003 CO-MdFUSB
005 20231205151534.0
007 ta
008 231003t19991999spa||||g |||| 00| 0 spa d
020 _a8482671057
040 _aCO-MdFUSB
_bspa
_cCO-MdFUSB
_dCO-MdFUSBC
_erda
041 _aspa
082 _223
_a254.1
_bAL447
100 _aAlmeda, Francisco Luis,
_eautor
245 _aObra nueva desde la pastoral
_c/ Francisco Luis Almeda Carmona
264 1 _aBarcelona, España :
_bClie,
_c[1999]
264 4 _c©1999
300 _a115 páginas
_c; 23 cm
336 _2rdacontent
_atexto
_btxt
337 _2rdamedia
_asin mediación
_bn
338 _2rdacarrier
_avolumen
_bnc
504 _aIncluye bibliografía
505 _aI. Introducción -- II. La escritura y la Voluntad de Dios como fundamento -- III. Los modelos a seguir en Obra Nueva -- IV. El modelo de Pastor (Anciano) es fundamental para la O.N -- V. Problemas que impiden la Obra Nueva en la Iglesia -- VI. La relación del Avivamiento con la Obra Nueva -- VII. Diez pasos para la fundación de la Obra Nueva -- VIII. La Iglesia Local y su relación moral-espiritual con la Obra Nueva -- IX. La Iglesia Local y su relación con el sustento de la Obra Nueva -- X. La relación entre las misiones nacionales y extranjeras con la Obra Nueva de una Iglesia Local -- XI. Conclusión.
520 _aAlgunos llaman "plantar Iglesias". Otros lo califican como "obra pionera"; pero la definición más común y conocida es la de "obra nueva". El nombre poco importa... Lo que importa son los resultados. Y los resultados, tristemente, no son halagüeños. En líneas generales, no estamos cumpliendo con la predicación del Evangelio como se debiera... ¿por qué? porque tenemos escasa visión de reproducción y utilizamos métodos y medios evangelísticos excesivamente sofisticados y complejos.
563 _aRústico
650 0 _9362
_aEvangelización
653 _aFundación de iglesias
942 _cBK
945 _asor1564
999 _c69097
_d69097